00483nam a22001457a 4500003000500000005001700005008004100022020001800063050002400081100001800105245011200123260003600235300004100271500002500312SISC20160818142937.0160309b xxu||||| |||| 00| 0 eng d a9781500971649 aG 516.6b.M283 2014 aManning, Nick aHow to be a tour guide : bthe essential training manual for tour managers and tour guides /cNick Manning. aUSA :bNicholas Manning,c2014. a270 pages :billustrations ;c23 cm. aIncludes appendices.